Haciendas en el mundo andino, siglos XVI-XX (Record no. 22520)

000 -CABECERA
fixed length control field 01133nam a22002537a 4500
003 - IDENTIFICADOR DEL NÚMERO DE CONTROL
control field AR-CdUCM
008 - DATOS DE LONGITUD FIJA--INFORMACIÓN GENERAL
fixed length control field 190409b ||||| |||| 00| 0 spa d
020 ## - NÚMERO INTERNACIONAL ESTÁNDAR DEL LIBRO
ISBN 9786124358067
040 ## - FUENTE DE LA CATALOGACIÓN
Agencia/entidad que catalogó originalmente la obra MUNICIPALIDAD PROVINCIAL DEL CUSCO
Entidad que transcribió la catalogación BIBLIOTECA MUNICIPAL DEL CUSCO
082 ## - NÚMERO DE LA CLASIFICACIÓN DECIMAL DEWEY
No. de Clasificación 985.03/L98
Notacion interna L98
245 ## - MENCIÓN DE TÍTULO
Título Haciendas en el mundo andino, siglos XVI-XX
Mención de responsabilidad Pablo Luna, Francisco Quiroz Chueca
260 ## - PUBLICACIÓN, DISTRIBUCIÓN, ETC.
Lugar de publicación, distribución, etc. Lima :
Nombre de la editorial, distribuidor, etc. Instituto Francés de Estudios Andinos,
-- Fundación M. J. Bustamante de la Fuente,
-- Tarea Asociación Gráfica Educativa
Fecha de publicación, distribución, etc. 2019.
300 ## - DESCRIPCIÓN FÍSICA
Nº de Páginas Extensión 253 páginas. :
Otros detalles físicos Ilustraciones, mapas;
Dimensiones 24 cm.
500 ## - NOTA GENERAL
Bibliografía Se tiene la bibliografía al término de cada artículo.
505 ## - NOTA DE CONTENIDO CON FORMATO
Nota de contenido formateada Contenido: Presentación -- Introducción -- Parte I: Análisis de haciendas -- Parte II: Hacienda y región -- Parte III: Haciendas y trabajo -- Fuentes -- Sobre los autores.
650 ## - PUNTO DE ACCESO ADICIONAL DE MATERIA--TÉRMINO DE MATERIA
Descriptor Haciendas
9 (RLIN) 6478
650 ## - PUNTO DE ACCESO ADICIONAL DE MATERIA--TÉRMINO DE MATERIA
Descriptor Conflicto social
9 (RLIN) 45013
650 ## - PUNTO DE ACCESO ADICIONAL DE MATERIA--TÉRMINO DE MATERIA
Descriptor Ayacucho
9 (RLIN) 3896
650 ## - PUNTO DE ACCESO ADICIONAL DE MATERIA--TÉRMINO DE MATERIA
Descriptor Historia
9 (RLIN) 48412
700 ## - PUNTO DE ACCESO ADICIONAL--NOMBRE DE PERSONA
Nombre Personal Luna, Pablo
Término de relación editor
9 (RLIN) 48413
700 ## - PUNTO DE ACCESO ADICIONAL--NOMBRE DE PERSONA
Nombre Personal Quiroz Chueca, Francisco
Término de relación editor
9 (RLIN) 48414
942 ## - ELEMENTOS DE PUNTO DE ACCESO ADICIONAL (KOHA)
Fuente de clasificación
Tipo de item Libros-BMC
945 ## - PROCESAMIENTO DE INFORMACIÓN LOCAL (OCLC)
Catalogador rac
Holdings
Estado de retiro (separado) Fuente de clasificación o esquema de estanterías Estado dañado Ubicación Sala donde se ubica Nombre de la colección Fecha de adquisición o compra Fuente de adquisición Costo, precio normal en soles Signatura topográfica Código de Barras Última vez visto (Koha) Tipo de ítem (Koha)
No     Sala Humanidades Sala Humanidades Book Cart 2022-09-14 Donación 30.00 985.03/L98 SH0000016432 2022-09-14 Libros-BMC

Powered by Koha